Don Toliver - 20 most streamed songs - Statistics

General Stats
  • This quiz has been taken 348 times
  • The average score is 7 of 20
Answer Stats
Streams Song % Correct
1,019 Md No Idea
80%
129 M TORE UP
71%
1,388 Md Lemonade (feat. NAV)
67%
744 M After Party
64%
323 M Cardigan
64%
259 M BANDIT
63%
128 M NEW DROP
51%
296 M Private Landing (feat. Justin Bieber & Future)
46%
822 M Too Many Nights (feat. Don Toliver & with Future)
46%
234 M Had Enough (feat. Quavo & Offset)
31%
274 M Around Me (feat. Don Toliver)
27%
211 M WHAT TO DO? (feat. Don Toliver)
18%
129 M Drugs N Hella Melodies (feat. Kali Uchis)
14%
233 M His & Hers (feat. Don Toliver & Lil Uzi Vert)
8%
200 M I Can't Save You (Interlude) [with Future & feat. Don Toliver]
8%
230 M Mystery Lady
7%
172 M Used (feat. Don Toliver)
6%
131 M Honest (feat. Don Toliver)
5%
162 M Soweto (with Don Toliver, Rema & Tempoe)
3%
128 M Lemonade - Remix
1%
No matching quizzes found
Score Distribution
Percent of People with Each Score
Percentile by Number Answered
Your Score History
You have not taken this quiz